000 01224njm a2200313Ia 4500
001 20586
003 IT-RoPAU
005 20220918181129.0
008 131025s9999 xx 000 0 und d
040 _aIT-RoPAU
040 _cIT-RoPAU
999 _c100457
_d100457
999 _bn.d.
100 _aEno Brian
_92228
100 _eAutore musica
_92229
100 _gCodice autore musica SPICS: 11870
_92230
245 _aBefore and After Science (Lp 2310 547)
250 _a1a ed.
260 _aITALIA
260 _bEG RECORDS
_c1977 [1a Ed.:1977 - Ed. Lingua Orig.: 1977]
300 _aDISCO
300 _c41 minuti (Testo: pag.)
500 _aMusica strumentale
505 _aNo-One Receiving - Backwater - Kurt's Rejoinder - Energy Fools the Magician - King's Lead Hat - Here He Comes - Julie With... - Spider and I - Through Hollow Lands - By This River (4:00)
650 _aSTRUMENTALE [DISCHI]
_eCodice MATERIA SPICS: 9950
_9828
700 _aEno Brian
_gCodice autore testo/musica SPICS: 11870
_eAutore testo/musica
_92231
700 _aMoebius Mobi
_gCodice autore musica SPICS: 23091
_eAutore musica
_pBy This River
_92232
700 _aRoedelius Achim
_gCodice autore SPICS: 23092
_eAutore
_pBy This River
_92233
942 _cMD
_2ddc